L2 Winner's - Statistics

General Stats
  • This quiz has been taken 4 times
  • The average score is 75 of 84
Answer Stats
Hint Answer % Correct
2002 Ajaccio
100%
1967 Ajaccio
100%
1976 Angers
100%
1969 Angers
100%
2024 Auxerre
100%
1980 Auxerre
100%
2012 Bastia
100%
1968 Bastia
100%
2010 Caen
100%
1996 Caen
100%
1962 Grenoble
100%
1960 Grenoble
100%
2023 Le Havre
100%
2008 Le Havre
100%
1991 Le Havre
100%
1985 Le Havre
100%
1959 Le Havre
100%
1938 Le Havre
100%
2009 Lens
100%
1973 Lens
100%
1949 Lens
100%
1937 Lens
100%
2000 Lille
100%
1978 Lille
100%
1974 Lille
100%
1964 Lille
100%
2020 Lorient
100%
1989 Lyon
100%
1954 Lyon
100%
1995 Marseille
100%
2019 Metz
100%
2014 Metz
100%
2007 Metz
100%
1935 Metz
100%
2013 Monaco
100%
1987 Montpellier
100%
1961 Montpellier
100%
1946 Montpellier, Nancy
100%
2016 Nancy
100%
2005 Nancy
100%
1998 Nancy
100%
1990 Nancy
100%
1975 Nancy
100%
1994 Nice
100%
1970 Nice
100%
1965 Nice
100%
1948 Nice
100%
1971 Paris
100%
2018 Reims
100%
1966 Reims
100%
1983 Rennes
100%
1956 Rennes
100%
1999 Saint-Étienne
100%
1963 Saint-Étienne
100%
2017 Strasbourg
100%
1988 Strasbourg
100%
1977 Strasbourg
100%
2022 Toulouse
100%
2003 Toulouse
100%
1982 Toulouse
100%
1953 Toulouse
100%
2021 Troyes
100%
2015 Troyes
100%
1934 Alès, Red Star
75%
1992 Bordeaux
75%
1981 Brest
75%
1950 Nimes
75%
1939 Red Star
75%
1936 Rouen
75%
2001 Sochaux
75%
1947 Sochaux
75%
1984 Tours
75%
2006 Valenciennes
75%
1972 Valenciennes
75%
1997 Châteauroux
50%
2011 Évian
50%
1979 Gueugnon
50%
1993 Martigues
50%
1986 Racing CF
50%
1955 Sedan
50%
1958 FC Nancy
25%
1957 Alès
0%
2004 Saint-Étiene
0%
1952 Stade Français
0%
No matching quizzes found
Score Distribution
Percent of People with Each Score
Percentile by Number Answered
Your Score History
You have not taken this quiz